Derecho de familia

-д хадгалсан:
Номзүйн дэлгэрэнгүй
Үндсэн зохиолч: Ramos Pazos, René (autor)
Формат: Ном
Хэл сонгох:испани
Хэвлэсэн: Santiago Jurídica de Chile 2007
Хэвлэл:6a. ed
Нөхцлүүд:
Шошгууд: Шошго нэмэх
Шошго байхгүй, Энэхүү баримтыг шошголох эхний хүн болох!

MARC

LEADER 00000nam a2200000 a 4500
001 UCI4047
003 CL-VaPUC
008 071214e20070000CL |||||||||||||||||spa|d
020 |a 9789561018181o.c 
020 |a 9789561018198v.1 
020 |a 9789561018204v.2 
082 0 4 |a 346.015  |b RAM  |2 21 
100 |a Ramos Pazos, René  |e autor  |9 297777 
245 1 0 |a Derecho de familia 
250 |a 6a. ed 
300 |a v 
942 |c BK 
945 |d 20071214 00:00:00  |a jtorresc 
260 |a Santiago  |b Jurídica de Chile  |c 2007 
650 0 |a Derecho de familia  |9 255603 
650 0 |a Matrimonio civil  |9 385406 
650 0 |a Filiación  |9 256647 
650 0 |a Bienes  |9 255749 
650 0 |a Divorcio  |9 256204 
650 7 |a REGIMEN MATRIMONIAL  |2 CL-VaPUC  |9 367270 
650 0 |a Sociedad conyugal   |9 357527 
650 0 |a Separación de bienes  |9 357529 
650 0 |a Jurisprudencia  |9 255952 
650 0 |a Herencia  |9 256325 
650 0 |a Derecho civil chileno  |9 320612 
583 |a last modification  |c 20071214 00:00:00  |k Rodrigo Vera 
999 |c 328046  |d 328044 
952 |0 0  |1 0  |4 0  |6 346_015000000000000_RAM_2007  |7 0  |8 A  |9 411730  |a BIBDER  |b BIBDER  |d 2019-11-22  |h v.1  |i 4395956  |l 2  |m 4  |o 346.015 RAM 2007  |p 4395956  |q 2025-12-31  |r 2020-03-20  |s 2020-03-20  |w 2019-11-22  |y BK  |k DER 
952 |0 0  |1 0  |4 0  |6 346_015000000000000_RAM_2007  |7 0  |8 A  |9 411731  |a BIBDER  |b BIBDER  |d 2019-11-22  |h v.1  |i 4395964  |l 1  |o 346.015 RAM 2007  |p 4395964  |r 2024-06-18  |s 2024-06-18  |w 2019-11-22  |y BK  |k DER 
952 |0 0  |1 0  |4 0  |6 346_015000000000000_RAM_2007  |7 0  |8 A  |9 411734  |a BIBDER  |b BIBDER  |d 2019-11-22  |h v.1  |i 4472578  |o 346.015 RAM 2007  |p 4472578  |r 2023-01-25  |w 2019-11-22  |y BK  |k DER 
952 |0 0  |1 0  |4 0  |6 346_015000000000000_RAM_2007  |7 0  |8 A  |9 411737  |a BIBDER  |b BIBDER  |d 2019-11-22  |h v.2  |i 4472608  |o 346.015 RAM 2007  |p 4472608  |r 2023-01-25  |w 2019-11-22  |y BK  |k DER 
952 |0 0  |1 0  |4 0  |6 346_015000000000000_RAM_2007  |7 0  |8 A  |9 411741  |a BIBDER  |b BIBDER  |d 2019-11-22  |h v.2  |i 4484673  |l 2  |m 4  |o 346.015 RAM 2007  |p 4484673  |q 2025-12-31  |r 2020-03-20  |s 2020-03-20  |w 2019-11-22  |y BK  |k DER 
952 |0 0  |1 0  |4 0  |6 346_015000000000000_RAM_2007  |7 0  |8 A  |9 411743  |a BIBDER  |b BIBDER  |d 2019-11-22  |h v.2  |i 4509447  |o 346.015 RAM 2007  |p 4509447  |r 2023-01-25  |w 2019-11-22  |y BK  |k DER